What Comes Next? - Statistics

General Stats
  • This quiz has been taken 120 times
  • The average score is 3 of 10
Answer Stats
Hint Answer % Correct
Q,W,E,R,T,Y, ... U
79%
Brazil, Brazil, England, Brazil, West Germany, ... Argentina
49%
Afghanistan, Albania, Algeria, Andorra, ... Angola
45%
18,4,13,6, ... 10
36%
Genesis, Exodus, Leviticus, ... Numbers
33%
Home, Brain, Heart, ... Courage
25%
Avon, Bedfordshire, Berkshire, Buckinghamshire, ... Cambridgeshire
22%
Roger, John, Brian, ... Freddie
22%
James Callaghan, Michael Foot, Neil Kinnock John Smith
16%
And now for Something Completely Different, The Holy Grail, The Life of Brian, ... The Meaning of Life
13%
No matching quizzes found
Score Distribution
Percent of People with Each Score
Percentile by Number Answered
Your Score History
You have not taken this quiz